000 00296nam a22001337a 4500
008 170616b xxu||||| |||| 00| 0 eng d
020 _a0803946775
041 _aeng
080 _22ND
_a94
100 _a16
101 _aSHH
245 _aPROPAGANDA AND PERSUASION
_cJOWETT,G.S
942 _2udc
_cBK
999 _c17874
_d17874